La novela social española: 1942-1968
Kaydedildi:
| Yazar: | |
|---|---|
| Materyal Türü: | Kitap |
| Dil: | İspanyolca |
| Baskı/Yayın Bilgisi: |
Barcelona
Seix Barral
1968
|
| Seri Bilgileri: | Biblioteca Breve de Bolsillo, 14
|
| Konular: | |
| Etiketler: |
Etiketle
Etiket eklenmemiş, İlk siz ekleyin!
|
MARC
| LEADER | 00000nam a2200000 a 4500 | ||
|---|---|---|---|
| 001 | UCT6639 | ||
| 003 | CL-VaPUC | ||
| 008 | 970113e19680000SP |||||||||||||||||spa|d | ||
| 082 | 0 | 4 | |a 863.09 |b GIL |2 21 |
| 100 | |a Gil Casado, Pablo |e author |9 376893 | ||
| 245 | 1 | 3 | |a La novela social española: 1942-1968 |
| 300 | |a 335 p | ||
| 942 | |c BK | ||
| 945 | |d 19970113 00:00:00 |a rleighto | ||
| 260 | |a Barcelona |b Seix Barral |c 1968 | ||
| 650 | 7 | |a NOVELA ESPAÑOLA |2 CL-VaPUC |9 313139 | |
| 650 | 0 | |a Historia y crítica |9 257407 | |
| 650 | 0 | |a Sociología de la literatura |9 321948 | |
| 650 | 7 | |a LITERATURA ESPAÑOLA SIGLO 20 |2 CL-VaPUC |9 343079 | |
| 583 | |a last modification |c 20160912 10:37:38 |k Rodrigo Vera | ||
| 490 | 0 | |a Biblioteca Breve de Bolsillo, 14 | |
| 999 | |c 255321 |d 255319 | ||
| 952 | |0 0 |1 0 |4 0 |6 863_090000000000000_GIL_1968 |7 0 |8 A |9 277527 |a BIBEDU |b BIBEDU |d 2019-11-19 |i 3273938 |o 863.09 GIL 1968 |p 3273938 |r 2019-11-19 |w 2019-11-19 |y BK |k LIT | ||